<?xml version="1.0" encoding="UTF-8"?>
<marc:record xmlns:marc="http://www.loc.gov/MARC21/slim">
   <marc:leader>00000nam a2200000 a 4500</marc:leader>
   <marc:datafield ind1="1" ind2=" " tag="100">
      <marc:subfield code="a">Eichler, Jeremy</marc:subfield>
      <marc:subfield code="4">aut</marc:subfield>
      <marc:subfield code="e">Verfasser/-in</marc:subfield>
   </marc:datafield>
   <marc:datafield ind1="1" ind2=" " tag="100">
      <marc:subfield code="a">Fuchs, Dieter</marc:subfield>
      <marc:subfield code="4">oth</marc:subfield>
      <marc:subfield code="e">Sonstiges</marc:subfield>
   </marc:datafield>
   <marc:datafield ind1=" " ind2=" " tag="653">
      <marc:subfield code="a">Jahrhundert</marc:subfield>
   </marc:datafield>
   <marc:datafield ind1=" " ind2=" " tag="653">
      <marc:subfield code="a">Erinnerung</marc:subfield>
   </marc:datafield>
   <marc:datafield ind1=" " ind2=" " tag="653">
      <marc:subfield code="a">Komponisten</marc:subfield>
   </marc:datafield>
   <marc:datafield ind1=" " ind2=" " tag="653">
      <marc:subfield code="a">Musik</marc:subfield>
   </marc:datafield>
   <marc:datafield ind1=" " ind2=" " tag="653">
      <marc:subfield code="a">Weltkrieg</marc:subfield>
   </marc:datafield>
   <marc:datafield ind1="0" ind2="0" tag="245">
      <marc:subfield code="a">Das Echo der Zeit</marc:subfield>
   </marc:datafield>
   <marc:datafield ind1="0" ind2="0" tag="245">
      <marc:subfield code="b">die Musik und das Leben im Zeitalter der Weltkriege</marc:subfield>
   </marc:datafield>
   <marc:datafield ind1="0" ind2="0" tag="245">
      <marc:subfield code="c">Eichler, Jeremy</marc:subfield>
   </marc:datafield>
   <marc:datafield ind1=" " ind2="1" tag="264">
      <marc:subfield code="a">Stuttgart</marc:subfield>
      <marc:subfield code="b">Klett-Cotta</marc:subfield>
      <marc:subfield code="c">2024</marc:subfield>
   </marc:datafield>
   <marc:datafield ind1="1" ind2=" " tag="520">
      <marc:subfield code="a">Quelle: bn.bibliotheksnachrichten (http://www.biblio.at/literatur/bn/index.html); &#xD;
Autor: Karl Vogd; &#xD;
Faszinierende Abhandlung über die Kraft der Musik als Erinnerung. (KM)&#xD;
Der Verfasser dieses großartigen aufschlussreichen Buches über Schlüsselwerke der musikalischen Erinnerung aus dem 20. Jahrhundert hat ein ambitioniertes Ziel: Er will anhand von vier Beispielen  Arnold Schönbergs »Überlebender aus Warschau«, Richard Strauss »Metamorphosen«, Benjamin Brittens »War Requiem« und Dmitri Schostakowitschs »Babi Jar«  veranschaulichen, wie darin das Wesen des Zeitalters eingeschrieben ist. Für den amerikanischen Musikkritiker und Kulturhistoriker sind Musikstücke nämlich auch Medien der Erinnerung. Wenn wir sie als Echo der Zeit zu hören imstande sind, erinnern sie uns auf eine unmittelbarere Weise an die Vergangenheit als andere Dokumente wie etwa Fotos oder historische Abhandlungen. Bei der Aufführung von Musikstücken wird das historisch Eingefrorene quasi aufgetaut. Die Vergangenheit spricht direkt zu uns in einer Weise, die man mit Worten gar nicht fassen kann.&#xD;
Der Autor kommt seinem Ziel nahe. Er hat die zugehörige Literatur durchgeackert, die Archive durchstöbert, sich an die Orte der Uraufführungen dieser Werke begeben und dabei eine Vielzahl von Geschichten, Anekdoten und Zusammenhängen erschlossen. So entsteht ein unglaublich dichtes Panorama der Zeit und eine faszinierende Abhandlung über musikalische Zusammenhänge. Man versteht nicht nur diese vier Musikstücke nach der Lektüre viel besser, sondern man wird auch dem Werk der vier Komponisten mit mehr Verständnis begegnen. Und wahrscheinlich wird man auch die Stücke mit anderen Ohren hören. Ein großartiges Werk, das Musikfreunde  aber nicht nur sie  unbedingt lesen sollten.</marc:subfield>
   </marc:datafield>
   <marc:datafield ind1=" " ind2=" " tag="020">
      <marc:subfield code="a">9783608965865</marc:subfield>
      <marc:subfield code="9">9783608965865</marc:subfield>
   </marc:datafield>
   <marc:datafield ind1=" " ind2=" " tag="020">
      <marc:subfield code="a">3608965866</marc:subfield>
      <marc:subfield code="9">3608965866</marc:subfield>
   </marc:datafield>
   <marc:datafield ind1=" " ind2=" " tag="041">
      <marc:subfield code="a">ger</marc:subfield>
   </marc:datafield>
   <marc:datafield ind1=" " ind2=" " tag="300">
      <marc:subfield code="b">Illustrationen</marc:subfield>
   </marc:datafield>
   <marc:datafield ind1=" " ind2=" " tag="338">
      <marc:subfield code="a">Band</marc:subfield>
   </marc:datafield>
   <marc:datafield ind1=" " ind2=" " tag="300">
      <marc:subfield code="a">463 Seiten</marc:subfield>
   </marc:datafield>
</marc:record>
